| 000 | 00468nmm a2200157Ia 4500 | ||
|---|---|---|---|
| 008 | 251105s9999||||xx |||||||||||||||||und|| | ||
| 020 | _a9788499679969 | ||
| 041 | _aspa | ||
| 100 | _aDíaz Pardo, Felipe | ||
| 245 | 0 | _aLa literatura Universal en 100 preguntas | |
| 264 |
_a[Madrid, España] : _bEdiciones Nowtilus, _c2019 |
||
| 300 | _a352 páginas | ||
| 490 | _a100 Preguntas Esenciales | ||
| 856 | _uhttps://public.digitaliapublishing.com/a/171835 | ||
| 942 | _cCF | ||
| 999 |
_c93219 _d93219 |
||